Welcome to CU Library Online Public Access Catalogue (OPAC)

The Clinical Use of Blood/ (Record no. 4285)

MARC details
000 -LEADER
fixed length control field 00546nam a22001577a 4500
005 - DATE AND TIME OF LATEST TRANSACTION
control field 20250225091517.0
008 - FIXED-LENGTH DATA ELEMENTS--GENERAL INFORMATION
fixed length control field 250225b |||||||| |||| 00| 0 eng d
020 ## - INTERNATIONAL STANDARD BOOK NUMBER
International Standard Book Number 9788174731753
050 ## - LIBRARY OF CONGRESS CALL NUMBER
Classification number RM171.4 CLI
245 ## - TITLE STATEMENT
Title The Clinical Use of Blood/
Remainder of title handbook
Statement of responsibility, etc. World Health Organization, Blood Transfusion Safety
260 ## - PUBLICATION, DISTRIBUTION, ETC.
Place of publication, distribution, etc. New Delhi
-- Geneva
Name of publisher, distributor, etc. A.I.T.B.S. Publishers & Distributors
-- World Health Organization
Date of publication, distribution, etc. 2002
-- 2001
300 ## - PHYSICAL DESCRIPTION
Extent 219p.
Other physical details ill.
Dimensions 21.5cm
500 ## - GENERAL NOTE
General note includes index
710 ## - ADDED ENTRY--CORPORATE NAME
Corporate name or jurisdiction name as entry element World Health Organization
942 ## - ADDED ENTRY ELEMENTS (KOHA)
Source of classification or shelving scheme Library of Congress Classification
Koha item type Books
Suppress in OPAC No
999 ## -
-- 4285
-- 4285
Holdings
Withdrawn status Lost status Source of classification or shelving scheme Damaged status Not for loan Collection Home library Current library Shelving location Date acquired Total checkouts Full call number Barcode Date last seen Copy number Price effective from Koha item type
    Library of Congress Classification     Non-fiction Science Library (Miotso) Science Library (Miotso) General stacks 02/25/2025   RM171.4 CLI SLM00004014 02/25/2025 1 02/25/2025 Books
    Library of Congress Classification     Non-fiction Science Library (Miotso) Science Library (Miotso) General stacks 02/25/2025   RM171.4 CLI SLM00004015 02/25/2025 2 02/25/2025 Books
© 2023-2024 Copyright: Central University Libraries. All Rights Reserved | Created by: Mahone Tech Office